مكتبة جامعة عجلون الوطنية

فهرس بحث المكتبة

James Joyce and the Revolution Of the Word (Record no. 1352)

MARC details
000 -LEADER
fixed length control field 00690nam a2200217Ii 4500
003 - CONTROL NUMBER IDENTIFIER
control field JO-AjNU
008 - FIXED-LENGTH DATA ELEMENTS--GENERAL INFORMATION
fixed length control field 230606s9999||||xx |||||||||||||| ||und||
020 ## - INTERNATIONAL STANDARD BOOK NUMBER
International Standard Book Number 0-333-53152-3(hardback) , 0-333-53153-1(Paperback)
040 ## - CATALOGING SOURCE
Original cataloging agency JO-AjNU
Language of cataloging eng
Description conventions rda
Transcribing agency JO-AjNU
041 ## - LANGUAGE CODE
Language code of text/sound track or separate title eng
050 14 - LIBRARY OF CONGRESS CALL NUMBER
Classification number PR6019.09.Z718 2003
100 3# - MAIN ENTRY--PERSONAL NAME
Personal name Maccabe, Colin,
Relator term author
9 (RLIN) 2585
245 00 - TITLE STATEMENT
Title James Joyce and the Revolution Of the Word
250 ## - EDITION STATEMENT
Edition statement 1 ed
264 31 - PRODUCTION, PUBLICATION, DISTRIBUTION, MANUFACTURE, AND COPYRIGHT NOTICE
Place of production, publication, distribution, manufacture London: PALGRAVE MACMILLAN, 2003
300 ## - PHYSICAL DESCRIPTION
Extent 250P
336 ## - CONTENT TYPE
Content type term text
Content type code txt
Source rdacontent
337 ## - MEDIA TYPE
Media type term unmediated
Media type code n
Source rdamedia
338 ## - CARRIER TYPE
Carrier type term volume
Carrier type code nc
Source rdacarrier
650 #4 - SUBJECT ADDED ENTRY--TOPICAL TERM
Topical term or geographic name entry element Criticism and interpretation - Ireland In Literature
9 (RLIN) 2586
Holdings
Withdrawn status Lost status Source of classification or shelving scheme Damaged status Not for loan Home library Current library Shelving location Date acquired Total Checkouts Full call number Barcode Date last seen Price effective from Koha item type
    Library of Congress Classification     مكتبة جامعة عجلون الوطنية مكتبة جامعة عجلون الوطنية المجموعات العامة 06/06/2023   PR6019.09.Z718 2003 E1352 06/06/2023 06/06/2023 Books